My pre-school book of vehicles / (Record no. 7059)

MARC details
000 -LEADER
fixed length control field 00965nam a22002417a 4500
001 - CONTROL NUMBER
control field 7059
003 - CONTROL NUMBER IDENTIFIER
control field FISKH
005 - DATE AND TIME OF LATEST TRANSACTION
control field 20250619143525.0
008 - FIXED-LENGTH DATA ELEMENTS--GENERAL INFORMATION
fixed length control field 250619b cb ||||| |||| 00| 0 eng d
020 ## - INTERNATIONAL STANDARD BOOK NUMBER
International Standard Book Number 9788183883085
040 ## - CATALOGING SOURCE
Original cataloging agency FISKH
Language of cataloging eng
Transcribing agency FISKH
Modifying agency FISKH
050 ## - LIBRARY OF CONGRESS CALL NUMBER
Classification number PZ7
082 ## - DEWEY DECIMAL CLASSIFICATION NUMBER
Classification number 625
100 ## - MAIN ENTRY--PERSONAL NAME
Personal name Anonymous
245 ## - TITLE STATEMENT
Title My pre-school book of vehicles /
260 ## - PUBLICATION, DISTRIBUTION, ETC.
Place of publication, distribution, etc. Chennai, Spiders Book,
300 ## - PHYSICAL DESCRIPTION
Extent 8 unnumbered pages ;
Other physical details color illustrations ;
Dimensions 25 cm
505 ## - FORMATTED CONTENTS NOTE
Formatted contents note NP<br/><br/>
520 ## - SUMMARY, ETC.
Summary, etc. My Pre-school Book of Vehicles is a colorful, sturdy board book designed to introduce young children to a variety of vehicles they may see in everyday life. From cars and trucks to airplanes and boats, each page features bright illustrations and simple labels that help toddlers build early vocabulary and recognition skills.
650 ## - SUBJECT ADDED ENTRY--TOPICAL TERM
Topical term or geographic name entry element Vehicles First words
Form subdivision Transportation
General subdivision Board book
Chronological subdivision Vocabulary
942 ## - ADDED ENTRY ELEMENTS (KOHA)
Source of classification or shelving scheme Dewey Decimal Classification
Koha item type Books
Suppress in OPAC No
Holdings
Withdrawn status Lost status Source of classification or shelving scheme Damaged status Not for loan Collection Home library Current library Shelving location Date acquired Total Checkouts Full call number Barcode Date last seen Copy number Price effective from Koha item type
    Dewey Decimal Classification     Non-Fiction Footprints International School Library Network Toul Kork Campus Footprints International School Library Network Toul Kork Campus TK Primary Library Room(4th Floor), Bookcase 7, Shelves 57-60, Dark Green Books 06/19/2025   ANO 625 PZ7 FISBK05386 06/19/2025 1 06/19/2025 Books